| 000 | 00492nam a2200181Ia 4500 | ||
|---|---|---|---|
| 003 | GCL | ||
| 008 | 140319s9999 xx 000 0 eng d | ||
| 040 |
_aGCL / _cGCL |
||
| 082 | 0 | 4 |
_a792.025 _bW S |
| 100 | 1 | _aWELKER, DAVID | |
| 245 | 1 | 0 |
_aSTAGECRAFT: AHANDBOOK FOR ORANIZATION, CONSTRUCTION, AND MANAGEMENT / _cWELKER, DAVID |
| 260 |
_a[S.N] : _bALLYN AND BACON ، _c1977 |
||
| 300 | _a423 P | ||
| 650 | 0 | 4 | _aARTS |
| 650 | 0 | 4 | _aTHEATER |
| 650 | 0 | 4 | _aSTAGE PRESENTATIONS |
| 942 |
_2ddc _cBK |
||
| 999 |
_c19517 _d19517 |
||